00422nam a2200109Ia 4500008004100000020001800041100004200059245012900101260002700230650001200257856004300269171212s9999 xx 000 0 und d a9780833051295 aNational Defense Research Institute,  cNational Defense Research Institute, aSexual Orientation and U.S. Military Personnel PolicybAn Update of RAND's 1993 Study bRAND Corporationc2010 aHistory uwww.jstor.org/stable/10.7249/mg1056osd